[Event "Titled Tuesday intern op 04th Feb Early"]
[Site "Chess.com INT"]
[Date "2025.02.04"]
[Round "5"]
[White "Lai, Duc Minh1"]
[Black "Enkhrii, Enkh Amgalan"]
[Result "1-0"]
[WhiteElo "2073"]
[BlackElo "2184"]
[PlyCount "91"]
[EventDate "2025.02.04"]
[EventType "swiss (blitz)"]
[EventRounds "11"]
[EventCountry "USA"]
[SourceTitle "CB07_2025"]
[SourceDate "2025.02.12"]
[SourceVersion "1"]
[SourceVersionDate "2025.02.12"]
[SourceQuality "1"]

1. d4 d5 2. Nc3 Nf6 3. Bf4 e6 4. Nb5 Na6 5. e3 c6 6. Nc3 Bd6 7. Bxa6 Bxf4 8. Bxb7 Bxb7 9. exf4 c5 10. Nge2 cxd4 11. Qxd4 0-0 12. 0-0 Qb6 13. Qxb6 axb6 14. Nd4 Rfc8 15. Rfd1 Rc4 16. Ncb5 Ba6 17. a4 h6 18. c3 Ne4 19. f3 Nf6 20. g3 Nd7 21. Kf2 Bxb5 22. axb5 Rca4 23. Rxa4 Rxa4 24. Ke3 Ra2 25. Rd2 Kf8 26. Kd3 Ra1 27. Kc2 Nc5 28. Rd1 Ra8 29. b4 Nb7 30. Rb1 Nd6 31. Kd3 Nc4 32. Nc2 Ra2 33. g4 Ke7 34. h4 Kd6 35. h5 Rxc2 36. Kxc2 Na3+ 37. Kb2 Nxb1 38. Kxb1 d4 39. c4 e5 40. fxe5+ Kxe5 41. Kc2 Kf4 42. c5 Ke3 43. Kd1 Kxf3 44. c6 Kxg4 45. c7 Kxh5 46. c8Q 1-0

[Event "Titled Tuesday intern op 28th Jan Early"]
[Site "Chess.com INT"]
[Date "2025.01.28"]
[Round "3"]
[White "Dovzik, Juri"]
[Black "Enkhrii, Enkh Amgalan"]
[Result "0-1"]
[WhiteElo "2196"]
[BlackElo "2184"]
[PlyCount "86"]
[EventDate "2025.01.28"]
[EventType "swiss (blitz)"]
[EventRounds "11"]
[EventCountry "USA"]
[SourceTitle "CB06_2025"]
[SourceDate "2025.02.05"]
[SourceVersion "1"]
[SourceVersionDate "2025.02.05"]
[SourceQuality "1"]

1. b3 d5 2. Bb2 Nf6 3. g3 e6 4. Bg2 Be7 5. Nf3 0-0 6. 0-0 c5 7. d3 Nc6 8. Nbd2 Qc7 9. c4 d4 10. a3 e5 11. e3 dxe3 12. fxe3 Rd8 13. Qe2 Bf5 14. Ne1 Bg4 15. Qf2 Rac8 16. Ne4 Nxe4 17. Bxe4 Be6 18. Rb1 g6 19. Bd5 Rf8 20. Bxe6 fxe6 21. Qg2 Bg5 22. Nc2 Rfd8 23. Qe4 Qd6 24. Rbd1 Rf8 25. Rxf8+ Rxf8 26. b4 cxb4 27. axb4 Qe7 28. b5 Qf7 29. Qg2 Na5 30. Bxe5 b6 31. h4 Bh6 32. Rf1 Qd7 33. Rxf8+ Bxf8 34. Qe4 Nb3 35. Bc3 Nc5 36. Qe5 Qxd3 37. Qh8+ Kf7 38. Qf6+ Ke8 39. Ne1 Qe2 40. Ng2 Ne4 41. Qxe6+ Be7 42. Qg8+ Kd7 43. Qd5+ Nd6 0-1

[Event "Titled Tuesday intern op 28th Jan Early"]
[Site "Chess.com INT"]
[Date "2025.01.28"]
[Round "2"]
[White "Enkhrii, Enkh Amgalan"]
[Black "Arakelyan, Manvel"]
[Result "0-1"]
[WhiteElo "2184"]
[BlackElo "2219"]
[PlyCount "78"]
[EventDate "2025.01.28"]
[EventType "swiss (blitz)"]
[EventRounds "11"]
[EventCountry "USA"]
[SourceTitle "CB06_2025"]
[SourceDate "2025.02.05"]
[SourceVersion "1"]
[SourceVersionDate "2025.02.05"]
[SourceQuality "1"]

1. d4 d5 2. c4 e6 3. Nc3 Be7 4. Nf3 Nf6 5. Bg5 0-0 6. Rc1 b6 7. cxd5 Nxd5 8. Nxd5 exd5 9. Bxe7 Qxe7 10. e3 Be6 11. Qa4 c5 12. Qa3 Nd7 13. Bd3 Rfc8 14. 0-0 Qf6 15. Ba6 Rd8 16. Bb7 Rab8 17. Qxa7 Qe7 18. Bc6 c4 19. Ne5 Qd6 20. Bxd7 Bxd7 21. Nxd7 Rxd7 22. Qa6 Qc6 23. Qa3 Ra8 24. Qb4 Ra4 25. Qb3 Rc7 26. Qc3 Rxa2 27. e4 h6 28. exd5 Qxd5 29. Rfe1 Qd7 30. Re3 Ra8 31. Rce1 Rac8 32. Re7 Qc6 33. Rxc7 Qxc7 34. d5 Qd6 35. Qd4 b5 36. g3 Rd8 37. Qd2 b4 38. Re4 Qc5 39. Qd4 Qc7 0-1

[Event "Titled Tuesday intern op 28th Jan Early"]
[Site "Chess.com INT"]
[Date "2025.01.28"]
[Round "6"]
[White "Grot, Blazej"]
[Black "Enkhrii, Enkh Amgalan"]
[Result "1-0"]
[WhiteElo "2190"]
[BlackElo "2184"]
[PlyCount "105"]
[EventDate "2025.01.28"]
[EventType "swiss (blitz)"]
[EventRounds "11"]
[EventCountry "USA"]
[SourceTitle "CB06_2025"]
[SourceDate "2025.02.05"]
[SourceVersion "1"]
[SourceVersionDate "2025.02.05"]
[SourceQuality "1"]

1. d4 d5 2. c4 e6 3. Nf3 Nf6 4. g3 dxc4 5. Bg2 a6 6. 0-0 Nc6 7. Be3 Rb8 8. Ne5 Nxe5 9. dxe5 Qxd1 10. Rxd1 Nd7 11. f4 Bc5 12. Kf2 Bxe3+ 13. Kxe3 b5 14. a4 Ke7 15. axb5 axb5 16. Ra7 c5 17. Bc6 Rd8 18. Nc3 Rb6 19. Bxb5 Bb7 20. Rd6 Nf6 21. Rxb7+ Rxb7 22. Rxd8 Kxd8 23. exf6 gxf6 24. Kd2 Kc7 25. Kc2 Kb6 26. Bxc4 Rb8 27. b3 f5 28. e4 fxe4 29. Nxe4 Ra8 30. Kb2 Rd8 31. Kc3 h6 32. Nd2 Ra8 33. Bd3 Ra1 34. Nc4+ Kc7 35. Ne5 Rc1+ 36. Kd2 Rh1 37. Nxf7 Rxh2+ 38. Ke3 Rg2 39. Kf3 Rh2 40. Bc4 Kd7 41. Ne5+ Ke7 42. Nd3 Kd6 43. Nf2 h5 44. Ne4+ Kc6 45. Bxe6 h4 46. gxh4 Rxh4 47. Bc4 Rh3+ 48. Ng3 Rh2 49. f5 Kd6 50. Kf4 Rf2+ 51. Ke4 Rg2 52. Ne2 Rf2 53. Nf4 1-0

[Event "Swiss Queens Wed #45"]
[Site "FIDE Online Arena INT"]
[Date "2024.12.04"]
[Round "2"]
[White "Enkhrii, Enkh Amgalan"]
[Black "Omurbekova, Diana"]
[Result "1-0"]
[WhiteElo "2184"]
[BlackElo "1754"]
[PlyCount "129"]
[EventDate "2024.12.04"]
[EventType "swiss (blitz)"]
[EventRounds "11"]
[EventCountry "NET"]
[SourceTitle "CB50_2024"]
[SourceDate "2024.11.01"]
[SourceVersion "1"]
[SourceVersionDate "2024.11.01"]
[SourceQuality "2"]

1. e4 e5 2. Nf3 Nc6 3. Bb5 a6 4. Ba4 Nf6 5. 0-0 b5 6. Bb3 Bb7 7. d3 Bc5 8. Nc3 d6 9. Bg5 h6 10. Bxf6 Qxf6 11. Nd5 Qd8 12. a4 0-0 13. c3 Ne7 14. d4 Nxd5 15. exd5 exd4 16. Nxd4 Qh4 17. axb5 axb5 18. Nxb5 Rxa1 19. Qxa1 c6 20. dxc6 Bxc6 21. Qa6 Be4 22. Nxd6 Ra8 23. Qc4 Bxd6 24. g3 Qg4 25. Qxf7+ Kh7 26. f3 Bc5+ 27. Kg2 Bc6 28. h3 Qg6 29. Qc4 Rd8 30. Qxc5 Rd2+ 31. Rf2 Bxf3+ 32. Kxf3 Qf6+ 33. Kg2 Rxf2+ 34. Qxf2 Qc6+ 35. Kh2 Qb5 36. Bc2+ Kg8 37. b4 Qc4 38. Qd2 Qe6 39. Bd3 Qb3 40. Qe2 Qf7 41. Qe4 Qd7 42. Qh7+ Kf8 43. Qh8+ Kf7 44. Qh7 Kf6 45. Qg6+ Ke5 46. Qe4+ Kf6 47. Qf5+ Qxf5 48. Bxf5 Kxf5 49. b5 Ke6 50. c4 Kd6 51. Kg2 Kc5 52. Kf3 g6 53. Kf4 h5 54. h4 Kxc4 55. b6 Kd3 56. b7 Ke2 57. b8Q Kf2 58. Qe5 g5+ 59. Qxg5 Kg2 60. Qc5 Kh3 61. Qc3 Kh2 62. Kf3 Kh3 63. Qc1 Kh2 64. Qd2+ Kh3 65. Qg2# 1-0

[Event "Swiss Queens Wed #45"]
[Site "FIDE Online Arena INT"]
[Date "2024.12.04"]
[Round "6"]
[White "Enkhrii, Enkh Amgalan"]
[Black "Pertseva, Tatyana"]
[Result "1/2-1/2"]
[WhiteElo "2184"]
[BlackElo "1698"]
[PlyCount "149"]
[EventDate "2024.12.04"]
[EventType "swiss (blitz)"]
[EventRounds "11"]
[EventCountry "NET"]
[SourceTitle "CB50_2024"]
[SourceDate "2024.11.01"]
[SourceVersion "1"]
[SourceVersionDate "2024.11.01"]
[SourceQuality "2"]

1. d4 Nf6 2. c4 g6 3. Nc3 d5 4. cxd5 Nxd5 5. e4 Nxc3 6. bxc3 Bg7 7. Nf3 c5 8. Rb1 Nc6 9. d5 Bxc3+ 10. Bd2 Bxd2+ 11. Qxd2 Nb8 12. Bb5+ Bd7 13. Bxd7+ Qxd7 14. Qa5 Na6 15. Ne5 Qd6 16. Qb5+ Kf8 17. Nc4 Qd8 18. 0-0 Rb8 19. Na5 Nc7 20. Nxb7 Qc8 21. Qc6 Kg7 22. Nxc5 Rd8 23. Rbc1 Rd6 24. Qa4 Qd8 25. Rb1 Rxb1 26. Rxb1 e6 27. Nb7 Qb8 28. Qd4+ Kg8 29. Rb3 Rb6 30. Rxb6 axb6 31. Qxb6 exd5 32. exd5 Nxd5 33. Qd8+ Qxd8 34. Nxd8 Kf8 35. Kf1 Ke7 36. Nc6+ Kd6 37. Na5 Kc7 38. Nc4 f6 39. Ke1 Kc6 40. Kd2 Kc5 41. Ne3 Nf4 42. g3 Ne6 43. Kd3 Ng5 44. h4 Nf3 45. Nc2 Ne5+ 46. Kc3 g5 47. hxg5 fxg5 48. Ne3 h6 49. a4 h5 50. a5 h4 51. gxh4 gxh4 52. a6 Kb6 53. Kd4 Nf3+ 54. Ke4 Ng5+ 55. Kf4 Nh3+ 56. Kg4 Nxf2+ 57. Kxh4 Kxa6 58. Nd5 Nd3 59. Nf4 Nb4 60. Nd3 Nc6 61. Nc5+ Kb5 62. Nb3 Nb4 63. Nd4+ Kc4 64. Ne6 Nd3 65. Ng5 Kd5 66. Nf3 Ke4 67. Ne1 Nb2 68. Nd3 Nc4 69. Nc5+ Kd5 70. Nd7 Nd6 71. Nb6+ Ke6 72. Nc8 Nf7 73. Ne7 Kf6 74. Ng6 Ne5 75. Nxe5 1/2-1/2